000 00365 a2200169 4500
001 47140
020 _a9788572722636
040 _cAnchieta - Aquarius
100 _aMiguel, Jorge
240 1 0 _a=Ana Pedro
_lpor
245 1 0 _a=Ana Pedro
300 _a132
362 0 _a2009
440 1 _aPublicações Mercuryo
650 4 _aLiteratura brasileira
942 _cBK
999 _c47140
_d47140